书目信息 |
| 题名: |
数据库原理与应用
|
|
| 作者: | 滕以芳 , 庞颖 , 谢志伟 主编 | |
| 分册: | ||
| 出版信息: | 长春 东北师范大学出版社 2013.4 |
|
| 页数: | 252页 | |
| 开本: | 26cm | |
| 丛书名: | ||
| 单 册: | ||
| 中图分类: | TP311.13 | |
| 科图分类: | ||
| 主题词: | 数据库--高等学校--教材 | |
| 电子资源: | ||
| ISBN: | 978-7-5602-8242-8 | |
| 000 | 00941nam0 2200277 450 | |
| 001 | 0400003419 | |
| 005 | 20171022094924.0 | |
| 010 | @a978-7-5602-8242-8@dCNY35.00 | |
| 100 | @a20130106e20162013em y0chiy50 ea | |
| 101 | 0 | @achi |
| 102 | @aCN@b220000 | |
| 105 | @aak a 000yy | |
| 106 | @ar | |
| 200 | 1 | @a数据库原理与应用@9shu ju ku yuan li yu ying yong@f滕以芳, 庞颖, 谢志伟主编 |
| 210 | @a长春@c东北师范大学出版社@d2013.4@h2016.12 | |
| 215 | @a252页@c图@d26cm | |
| 320 | @a有书目 (第252页) | |
| 330 | @a本书共分十章, 内容包括绪论 ; 关系数据库 ; 关系数据库标准语言SQL ; 规范化理论 ; 数据库设计 ; 数据库编程 ; 数据库完整性和安全性等。 | |
| 333 | @a“十二五”规划大学教材 | |
| 606 | 0 | @a数据库@x高等学校@j教材 |
| 690 | @aTP311.13@v5 | |
| 701 | 0 | @a滕以芳@9teng yi fang@4主编 |
| 701 | 0 | @a庞颖@9pang ying@4主编 |
| 701 | 0 | @a谢志伟@9xie zhi wei@4主编 |
| 801 | 0 | @aCN@b91MARC@c20171022 |
| 905 | @b1022745-9@dTP311.13@f5@e1092 | |
| 数据库原理与应用/滕以芳, 庞颖, 谢志伟主编.-长春:东北师范大学出版社,2013.4(2016.12) |
| 252页:图;26cm |
| 使用对象:“十二五”规划大学教材 |
| ISBN 978-7-5602-8242-8:CNY35.00 |
| 本书共分十章, 内容包括绪论 ; 关系数据库 ; 关系数据库标准语言SQL ; 规范化理论 ; 数据库设计 ; 数据库编程 ; 数据库完整性和安全性等。 |
| ● |
| 相关链接 |
|
|
|
|
正题名:数据库原理与应用
索取号:TP311.13/1092
 
预约/预借
| 序号 | 登录号 | 条形码 | 馆藏地/架位号 | 状态 | 备注 |
| 1 | 1022745 | 210227459 | 第二样本阅览室/ [索取号:TP311.13/1092] | 在馆 | |
| 2 | 1022746 | 210227468 | 密集书库—计算机科学学院/ [索取号:TP311.13/1092] | 在馆 | |
| 3 | 1022747 | 210227477 | 第三借阅区/ [索取号:TP311.13/1092] | 在馆 | |
| 4 | 1022748 | 210227486 | 第三借阅区/ [索取号:TP311.13/1092] | 在馆 | |
| 5 | 1022749 | 210227495 | 第三借阅区/ [索取号:TP311.13/1092] | 在馆 |